| 000 | 00582nam a2200181 i 4500 | ||
|---|---|---|---|
| 001 | 30491 | ||
| 003 | ES-MaACL | ||
| 005 | 20250806050951.0 | ||
| 007 | t| | ||
| 008 | 030124s1881 sp ||||1| spa d | ||
| 100 | 1 |
_aBayes y Fuster, Antonio. _926664 |
|
| 245 | 1 | 0 |
_aAguas minero-medicinales salino-yodo sulfuradas de San Andrés de Tona... / _cAntonio Bayes y Fuster. |
| 260 |
_aVich : _b[s.n.], _c1881 ( _fRamón Anglada y Pujals) |
||
| 300 |
_a90 p. ; _c22 cm. |
||
| 650 | 7 |
_aAguas minerales _2embne _9135517 |
|
| 852 |
_aES-MaACL _jT-436-F-6 |
||
| 999 |
_c30491 _d30491 |
||